[Event "Titled Tuesday intern op 16th Apr Early"]
[Site "Chess.com INT"]
[Date "2024.04.16"]
[Round "3"]
[White "Vlachos, Anatole"]
[Black "Bazyrtsyrenov, Kirill"]
[Result "1-0"]
[WhiteElo "2482"]
[BlackElo "2284"]
[PlyCount "127"]
[EventDate "2024.04.16"]
[EventType "swiss (blitz)"]
[EventRounds "11"]
[EventCountry "USA"]
[SourceTitle "CB17_2024"]
[SourceDate "2024.04.24"]
[SourceVersion "1"]
[SourceVersionDate "2024.04.24"]
[SourceQuality "1"]

1. c4 Nf6 2. Nc3 e5 3. e4 g6 4. g3 Bg7 5. Bg2 Nc6 6. Nge2 h5 7. h3 d6 8. d3 h4 9. g4 Nh7 10. Rb1 Ng5 11. Be3 Ne6 12. Qd2 g5 13. b4 Ncd4 14. b5 Bd7 15. a4 c6 16. Ng1 Nf4 17. Bf3 0-0 18. Bxd4 exd4 19. Nce2 Be5 20. Nxf4 Bxf4 21. Qb2 Qf6 22. Ne2 Be5 23. Bg2 a6 24. b6 c5 25. a5 Rfe8 26. 0-0 Re6 27. f4 gxf4 28. Qd2 Qg5 29. Rf3 Rae8 30. Rbf1 Rf6 31. Nxf4 Rxf4 32. Rxf4 Bxf4 33. Qxf4 Qxf4 34. Rxf4 Kg7 35. g5 Re5 36. Rxh4 Rxg5 37. Kf2 Bc6 38. Rg4 Rxg4 39. hxg4 Kg6 40. Kg3 Kg5 41. Bf3 Kg6 42. Kf4 f6 43. Bg2 Bd7 44. Kg3 Kg5 45. e5 dxe5 46. Bxb7 f5 47. gxf5 Bxf5 48. Be4 Bc8 49. b7 Bxb7 50. Bxb7 Kf5 51. Kf3 Kf6 52. Ke4 Ke6 53. Bxa6 Kd6 54. Bb5 Kc7 55. Kxe5 Kb7 56. Kd6 Ka7 57. Kxc5 Ka8 58. Kxd4 Ka7 59. Kc5 Kb7 60. d4 Kc7 61. d5 Kb8 62. Kb6 Ka8 63. d6 Kb8 64. d7 1-0

[Event "RUS-ch Rapid"]
[Site "Sochi"]
[Date "2023.10.16"]
[Round "6"]
[White "Zakhartsov, Vladimir"]
[Black "Bazyrtsyrenov, Kirill"]
[Result "1-0"]
[WhiteElo "2523"]
[BlackElo "2299"]
[PlyCount "26"]
[EventDate "2023.10.15"]
[EventType "swiss (rapid)"]
[EventRounds "11"]
[EventCountry "RUS"]
[SourceTitle "Mega2024 Update 01"]
[Source "Chessbase"]
[SourceDate "2023.11.12"]
[SourceVersion "1"]
[SourceVersionDate "2023.11.12"]
[SourceQuality "1"]

1. d4 Nf6 2. c4 g6 3. Nc3 Bg7 4. e4 d6 5. f3 0-0 6. Be3 Na6 7. Nge2 c5 8. dxc5 Ne8 9. Qc2 Be6 10. Rd1 Rc8 11. cxd6 Nxd6 12. b3 b5 13. cxb5 Nxb5 1-0

[Event "Titled Tuesday intern op 29th Aug Early"]
[Site "Chess.com INT"]
[Date "2023.08.29"]
[Round "1"]
[White "Mendoza, Rodrigo"]
[Black "Bazyrtsyrenov, Kirill"]
[Result "0-1"]
[WhiteElo "2152"]
[BlackElo "2242"]
[PlyCount "68"]
[EventDate "2023.08.29"]
[EventType "swiss (blitz)"]
[EventRounds "11"]
[EventCountry "USA"]
[SourceTitle "EXT 2024"]
[Source "ChessBase"]
[SourceDate "2023.10.10"]
[SourceVersion "1"]
[SourceVersionDate "2023.10.10"]
[SourceQuality "1"]

1. d4 Nf6 2. c4 e6 3. Nf3 c5 4. d5 b5 5. Nc3 b4 6. Nb1 d6 7. Bg5 Bb7 8. dxe6 fxe6 9. Nbd2 h6 10. Bh4 Nbd7 11. Qc2 Qe7 12. e4 g5 13. Bg3 Nh5 14. Be2 Bg7 15. e5 Nxg3 16. exd6 Qxd6 17. Qg6+ Kf8 18. hxg3 Ne5 19. Qc2 Rd8 20. 0-0 Nc6 21. Ne4 Qe7 22. g4 Nd4 23. Nxd4 Rxd4 24. Ng3 Be5 25. Nh5 Be4 26. Qa4 Bg6 27. Rad1 Bxh5 28. gxh5 Kg7 29. Qc6 Rf8 30. Rxd4 Bxd4 31. Qe4 Qf6 32. Bf3 Qf5 33. Qb7+ Rf7 34. Qc8 g4 0-1

[Event "Moscow RSHSH"]
[Site "Moscow"]
[Date "2023.08.15"]
[Round "2"]
[White "Sitnikov, Anton"]
[Black "Bazyrtsyrenov, Kirill"]
[Result "1-0"]
[WhiteElo "2344"]
[BlackElo "2242"]
[PlyCount "63"]
[EventDate "2023.08.14"]
[EventType "tourn"]
[EventRounds "9"]
[EventCountry "RUS"]
[EventCategory "2"]
[SourceTitle "CBM 215 Extra"]
[Source "ChessBase"]
[SourceDate "2023.09.30"]
[SourceVersion "1"]
[SourceVersionDate "2023.09.30"]
[SourceQuality "1"]

1. e4 c5 2. Nc3 e6 3. Nge2 Nc6 4. g3 Nf6 5. Bg2 d5 6. exd5 exd5 7. d4 cxd4 8. Nxd4 Bg4 9. Nde2 Bb4 10. h3 Bh5 11. g4 Bg6 12. 0-0 0-0 13. Bg5 h6 14. Bxf6 Qxf6 15. Nxd5 Qxb2 16. Rb1 Qa3 17. Rb3 Qa4 18. Nef4 Rad8 19. Nxg6 fxg6 20. Qd3 Bc5 21. Rxb7 Ne5 22. Qc3 Bd4 23. Rb4 Bxc3 24. Rxa4 Bb2 25. f4 Nd7 26. Ne7+ Kh7 27. Be4 Rf6 28. Rd1 Nc5 29. Rxd8 Nxa4 30. Nxg6 Rxg6 31. Rd6 Bf6 32. g5 1-0

[Event "Titled Tuesday intern op 08th Aug Early"]
[Site "Chess.com INT"]
[Date "2023.08.08"]
[Round "6"]
[White "Bazyrtsyrenov, Kirill"]
[Black "Carlsen, Magnus"]
[Result "0-1"]
[WhiteElo "2242"]
[BlackElo "2835"]
[PlyCount "62"]
[EventDate "2023.08.08"]
[EventType "swiss (blitz)"]
[EventRounds "11"]
[EventCountry "USA"]
[SourceTitle "EXT 2024"]
[Source "ChessBase"]
[SourceDate "2023.10.10"]
[SourceVersion "1"]
[SourceVersionDate "2023.10.10"]
[SourceQuality "1"]

1. e4 d5 2. exd5 Nf6 3. Nf3 Qxd5 4. d4 Bg4 5. Nc3 Qa5 6. h3 Bh5 7. Bd2 c6 8. Bc4 e6 9. 0-0 Nbd7 10. Qe2 Qc7 11. Rfe1 Bd6 12. Bd3 0-0-0 13. a4 Bh2+ 14. Kh1 Bf4 15. Be3 Nd5 16. Nxd5 exd5 17. g4 Bg6 18. Qd2 Bd6 19. Kg2 Nf6 20. Ne5 Ne4 21. Bxe4 dxe4 22. Qc3 f6 23. Nxg6 hxg6 24. Qc4 Kb8 25. a5 a6 26. c3 f5 27. d5 c5 28. b4 f4 29. Bxc5 f3+ 30. Kg1 Rxh3 31. Qxe4 Bxc5 0-1

[Event "Titled Tuesday intern op 08th Aug Early"]
[Site "Chess.com INT"]
[Date "2023.08.08"]
[Round "10"]
[White "Korol, Dimitry"]
[Black "Bazyrtsyrenov, Kirill"]
[Result "0-1"]
[WhiteElo "2287"]
[BlackElo "2242"]
[PlyCount "82"]
[EventDate "2023.08.08"]
[EventType "swiss (blitz)"]
[EventRounds "11"]
[EventCountry "USA"]
[SourceTitle "EXT 2024"]
[Source "ChessBase"]
[SourceDate "2023.10.10"]
[SourceVersion "1"]
[SourceVersionDate "2023.10.10"]
[SourceQuality "1"]

1. d4 Nf6 2. c4 e6 3. Nc3 Bb4 4. Qc2 0-0 5. e4 d5 6. cxd5 exd5 7. e5 Ne4 8. Bd3 c5 9. Nge2 Nc6 10. 0-0 f5 11. Nxd5 cxd4 12. Nxb4 Nxb4 13. Qb3+ Nd5 14. Nf4 Nc5 15. Qxd5+ Qxd5 16. Nxd5 Nxd3 17. f4 Bd7 18. Rd1 Nb4 19. Nxb4 a5 20. Rxd4 Be6 21. Nc2 Rac8 22. Ne3 Rfd8 23. Rxd8+ Rxd8 24. Kf2 g5 25. g3 gxf4 26. gxf4 Rd4 27. Kg3 b5 28. b3 b4 29. Bb2 Rd2 30. Rb1 a4 31. Nc4 Rc2 32. Kh4 a3 33. Bxa3 bxa3 34. Nxa3 Rxa2 35. Nc4 Rg2 36. Nd6 Rg4+ 37. Kh3 h5 38. b4 Bd5 39. Rb2 Rxf4 40. b5 Kg7 41. b6 Kg6 0-1

[Event "Titled Tuesday intern op 08th Aug Early"]
[Site "Chess.com INT"]
[Date "2023.08.08"]
[Round "4"]
[White "Matlakov, Maxim"]
[Black "Bazyrtsyrenov, Kirill"]
[Result "1/2-1/2"]
[WhiteElo "2677"]
[BlackElo "2242"]
[PlyCount "87"]
[EventDate "2023.08.08"]
[EventType "swiss (blitz)"]
[EventRounds "11"]
[EventCountry "USA"]
[SourceTitle "EXT 2024"]
[Source "ChessBase"]
[SourceDate "2023.10.10"]
[SourceVersion "1"]
[SourceVersionDate "2023.10.10"]
[SourceQuality "1"]

1. e4 c5 2. Nf3 Nc6 3. Bb5 g6 4. 0-0 Bg7 5. d3 e5 6. Bg5 Nge7 7. Nc3 0-0 8. Bc4 h6 9. Bxe7 Nxe7 10. a3 d6 11. b4 b6 12. Rb1 Kh7 13. Nd5 Be6 14. Ne3 Qd7 15. h3 f5 16. Bxe6 Qxe6 17. c4 g5 18. exf5 Nxf5 19. Nd2 Nxe3 20. fxe3 d5 21. bxc5 bxc5 22. cxd5 Qxd5 23. Qc2 Rxf1+ 24. Rxf1 Rd8 25. Nf3 Qxd3 26. Qxc5 e4 27. Nh2 Qe2 28. Ng4 Rd1 29. Qf5+ Kh8 30. a4 h5 31. Qc8+ Kh7 32. Qf5+ Kh8 33. Qc8+ Kh7 34. Nf6+ Bxf6 35. Qf5+ Kg8 36. Qe6+ Kh7 37. Qf5+ Kg8 38. Qg6+ Bg7 39. Qe8+ Kh7 40. Qxe4+ Kg8 41. Qe8+ Kh7 42. Qe4+ Kg8 43. Qe6+ Kh7 44. Qe4+ 1/2-1/2

[Event "Titled Tuesday intern op 01st Aug Early"]
[Site "Chess.com INT"]
[Date "2023.08.01"]
[Round "7"]
[White "Bazyrtsyrenov, Kirill"]
[Black "Jahnz, Fabian"]
[Result "0-1"]
[WhiteElo "2242"]
[BlackElo "2268"]
[PlyCount "72"]
[EventDate "2023.08.01"]
[EventType "swiss (blitz)"]
[EventRounds "11"]
[EventCountry "USA"]
[SourceTitle "EXT 2024"]
[Source "ChessBase"]
[SourceDate "2023.10.10"]
[SourceVersion "1"]
[SourceVersionDate "2023.10.10"]
[SourceQuality "1"]

1. d4 d5 2. c4 e6 3. Nc3 c6 4. e3 f5 5. Nf3 Nf6 6. Bd3 Bd6 7. Rb1 0-0 8. b4 Ne4 9. Qc2 Nd7 10. b5 Ndf6 11. Ne5 Nxc3 12. Qxc3 Ne4 13. Bxe4 fxe4 14. bxc6 bxc6 15. Nxc6 Qf6 16. Rb2 Ba6 17. c5 Bc7 18. Qc2 Bd3 19. Qd2 Qg5 20. g3 Rf3 21. Rb7 Rc8 22. Rxa7 h5 23. Rb7 h4 24. Rxc7 Rxc7 25. Ne5 Rf8 26. Nxd3 exd3 27. Qxd3 h3 28. 0-0 Qg4 29. Qd1 Qe4 30. f3 Qg6 31. Bd2 Ra8 32. Qb1 Qxb1 33. Rxb1 Rxa2 34. Be1 Rg2+ 35. Kh1 Ra7 36. Rc1 Raa2 0-1

[Event "Titled Tuesday intern op 01st Aug Early"]
[Site "Chess.com INT"]
[Date "2023.08.01"]
[Round "11"]
[White "Bazyrtsyrenov, Kirill"]
[Black "Pham, Le Thao Nguyen"]
[Result "1-0"]
[WhiteElo "2242"]
[BlackElo "2370"]
[PlyCount "65"]
[EventDate "2023.08.01"]
[EventType "swiss (blitz)"]
[EventRounds "11"]
[EventCountry "USA"]
[SourceTitle "EXT 2024"]
[Source "ChessBase"]
[SourceDate "2023.10.10"]
[SourceVersion "1"]
[SourceVersionDate "2023.10.10"]
[SourceQuality "1"]

1. e4 c6 2. d4 d5 3. e5 Bf5 4. h4 h5 5. c4 e6 6. Nc3 Nd7 7. cxd5 cxd5 8. Bd3 Bxd3 9. Qxd3 Nh6 10. Nge2 a6 11. Bxh6 Rxh6 12. g3 Qb6 13. 0-0 Be7 14. Rac1 g5 15. hxg5 Bxg5 16. f4 Be7 17. f5 Bg5 18. fxe6 fxe6 19. Nf4 Bxf4 20. Rxf4 Ke7 21. Rcf1 Rg8 22. Kh2 Kd8 23. b3 Qb4 24. Ne2 Qe7 25. Rh4 Rg4 26. Rf4 Qg7 27. Qe3 Rg5 28. Ng1 Rhg6 29. Rf3 Rg4 30. Rxh5 Re4 31. Qf2 Kc7 32. Rf7 Qg8 33. Rhh7 1-0

[Event "Titled Tuesday intern op 01st Aug Late"]
[Site "Chess.com INT"]
[Date "2023.08.01"]
[Round "6"]
[White "Bazyrtsyrenov, Kirill"]
[Black "Tikhonov, Viacheslav"]
[Result "0-1"]
[WhiteElo "2242"]
[BlackElo "2201"]
[PlyCount "182"]
[EventDate "2023.08.01"]
[EventType "swiss (blitz)"]
[EventRounds "11"]
[EventCountry "USA"]
[SourceTitle "EXT 2024"]
[Source "ChessBase"]
[SourceDate "2023.10.10"]
[SourceVersion "1"]
[SourceVersionDate "2023.10.10"]
[SourceQuality "1"]

1. Nf3 Nf6 2. e3 e6 3. c4 d5 4. b3 Be7 5. Bb2 0-0 6. Nc3 c5 7. cxd5 exd5 8. d4 Nc6 9. Be2 Bg4 10. 0-0 Re8 11. Rc1 cxd4 12. Nxd4 Bd7 13. Bf3 Qa5 14. a3 Ne5 15. b4 Nxf3+ 16. Qxf3 Qa6 17. Nxd5 Nxd5 18. Qxd5 Rad8 19. Qf3 Bf6 20. Rfd1 Ba4 21. Re1 b6 22. h3 Qd3 23. Bc3 Rc8 24. Bb2 Qd2 25. Rb1 h6 26. Qf5 Bc2 27. Nxc2 Qxc2 28. Qxc2 Rxc2 29. Bxf6 gxf6 30. Rbc1 Rec8 31. Rxc2 Rxc2 32. Rd1 Rc3 33. Ra1 Kg7 34. Kf1 Rb3 35. Ke2 Rb2+ 36. Kf3 Kg6 37. g4 a5 38. bxa5 bxa5 39. a4 Rb4 40. Kg3 Rb2 41. Ra3 Rb4 42. f4 f5 43. Kf3 f6 44. Kg3 Rc4 45. Kf3 Rb4 46. Ra2 Rc4 47. Ra1 Rb4 48. h4 fxg4+ 49. Kxg4 h5+ 50. Kf3 Kf5 51. Rc1 Rxa4 52. e4+ Kg6 53. f5+ Kg7 54. Rc7+ Kg8 55. Rc6 Kg7 56. Rc7+ Kg8 57. Kf4 Ra1 58. Rc6 Kg7 59. Rc7+ Kg8 60. e5 Ra4+ 61. Kf3 fxe5 62. Kg3 Rg4+ 63. Kh3 Rf4 64. Ra7 a4 65. f6 Rf3+ 66. Kg2 Rf4 67. Kg3 Kf8 68. f7 Rd4 69. Kf3 Rxh4 70. Ke3 Rf4 71. Ke2 h4 72. Ke3 h3 73. Ra8+ Kxf7 74. Rh8 Rb4 75. Kd3 a3 76. Kc3 a2 77. Ra8 h2 78. Kxb4 h1Q 79. Rxa2 Qb7+ 80. Ka3 Qa6+ 81. Kb3 Qb5+ 82. Ka3 Ke6 83. Rb2 Qa5+ 84. Kb3 Kd5 85. Rc2 Qb5+ 86. Ka3 Kd4 87. Rd2+ Qd3+ 88. Rxd3+ Kxd3 89. Kb4 e4 90. Ka5 e3 91. Kb6 e2 0-1

[Event "Titled Tuesday intern op 01st Aug Late"]
[Site "Chess.com INT"]
[Date "2023.08.01"]
[Round "5"]
[White "Moral Garcia, Serafin"]
[Black "Bazyrtsyrenov, Kirill"]
[Result "1/2-1/2"]
[WhiteElo "2250"]
[BlackElo "2242"]
[PlyCount "134"]
[EventDate "2023.08.01"]
[EventType "swiss (blitz)"]
[EventRounds "11"]
[EventCountry "USA"]
[SourceTitle "EXT 2024"]
[Source "ChessBase"]
[SourceDate "2023.10.10"]
[SourceVersion "1"]
[SourceVersionDate "2023.10.10"]
[SourceQuality "1"]

1. e4 c5 2. Nf3 Nf6 3. e5 Nd5 4. Nc3 e6 5. Nxd5 exd5 6. d4 Nc6 7. c3 d6 8. exd6 Bxd6 9. dxc5 Bxc5 10. Bb5 0-0 11. 0-0 Bg4 12. Re1 Qb6 13. Qe2 Bxf3 14. gxf3 Bxf2+ 15. Qxf2 Qxb5 16. Be3 Rfe8 17. Kh1 Qd3 18. Rad1 Qf5 19. Qg3 Rad8 20. Qg4 Qxg4 21. fxg4 Re4 22. h3 Rde8 23. Bf2 Rxe1+ 24. Rxe1 Rxe1+ 25. Bxe1 f6 26. Kg2 Ne5 27. b3 Kf7 28. Bf2 a6 29. Bd4 Ke6 30. Kg3 Nc6 31. Be3 Ke5 32. Kf3 d4 33. Bf4+ Kd5 34. c4+ Kc5 35. Bc1 Kb4 36. Bb2 b5 37. cxb5 axb5 38. Ke4 Kc5 39. a3 g6 40. h4 h5 41. gxh5 gxh5 42. Kf5 d3 43. Bc3 Kd5 44. Kxf6 Nd4 45. Kg5 Nxb3 46. Kxh5 d2 47. Bxd2 Nxd2 48. Kg6 Ke6 49. h5 Nc4 50. h6 Ne5+ 51. Kg7 Nf7 52. h7 Ke7 53. Kg8 Kf6 54. Kf8 Kg6 55. Kg8 Kf6 56. Kf8 Kg6 57. Kg8 Nh8 58. Kf8 Kxh7 59. Ke7 Ng6+ 60. Kd6 Nf4 61. Kc5 Kg6 62. Kxb5 Kf6 63. a4 Ke7 64. Kb6 Kd7 65. Kb7 Nd5 66. a5 Nb4 67. a6 Nxa6 1/2-1/2

[Event "Titled Tuesday intern op 25th Jul Early"]
[Site "Chess.com INT"]
[Date "2023.07.25"]
[Round "4"]
[White "Dubnevych, Maksym"]
[Black "Bazyrtsyrenov, Kirill"]
[Result "0-1"]
[WhiteElo "2251"]
[BlackElo "2251"]
[PlyCount "142"]
[EventDate "2023.07.25"]
[EventType "swiss (blitz)"]
[EventRounds "11"]
[EventCountry "USA"]
[SourceTitle "EXT 2024"]
[Source "ChessBase"]
[SourceDate "2023.10.10"]
[SourceVersion "1"]
[SourceVersionDate "2023.10.10"]
[SourceQuality "1"]

1. d4 Nf6 2. Nc3 g6 3. Bf4 Bg7 4. e3 c5 5. d5 d6 6. h3 Na6 7. Bb5+ Nd7 8. Nge2 Nc7 9. a4 Rb8 10. 0-0 a6 11. Bxd7+ Bxd7 12. a5 0-0 13. e4 b5 14. axb6 Rxb6 15. Ra2 Nb5 16. Na4 Rb7 17. Be3 Qc7 18. c4 Na7 19. Bd2 Nc8 20. Bc3 Bxa4 21. Qxa4 Nb6 22. Qc2 Bxc3 23. Qxc3 Ra8 24. f4 Nd7 25. Nc1 a5 26. Nd3 a4 27. e5 Rb3 28. Qxb3 axb3 29. Rxa8+ Kg7 30. Rfa1 dxe5 31. R8a7 Qd8 32. fxe5 Nb6 33. Rc1 Nxd5 34. cxd5 c4 35. Nf2 Qxd5 36. Rc7 Qxe5 37. R7xc4 Qxb2 38. Nd3 Qd2 39. Nc5 Qa2 40. Nd3 b2 41. Nxb2 Qxb2 42. Re1 Qb6+ 43. Kh1 e6 44. Rce4 Qd6 45. R4e2 Kf8 46. Rf1 h5 47. Ref2 Qd7 48. Ra2 Kg7 49. Ra8 Qb7 50. Ra3 f5 51. Raf3 Kf6 52. Re1 e5 53. Kg1 e4 54. Rf2 Qb6 55. Kf1 Kg5 56. g3 h4 57. g4 Qb5+ 58. Kg2 Qd5 59. gxf5 gxf5 60. Kh2 f4 61. Rg2+ Kf6 62. Reg1 Qe5 63. Rg4 f3+ 64. Kh1 f2 65. Rf1 e3 66. Rg2 Ke6 67. Rh2 Qg3 68. Ra1 Qf3+ 69. Rg2 f1Q+ 70. Rxf1 Qxf1+ 71. Rg1 Qxh3# 0-1

[Event "Titled Tuesday intern op 11th Jul Late"]
[Site "Chess.com INT"]
[Date "2023.07.11"]
[Round "1"]
[White "Bazyrtsyrenov, Kirill"]
[Black "Kaplan, Avi Harrison"]
[Result "0-1"]
[WhiteElo "2251"]
[BlackElo "2117"]
[PlyCount "90"]
[EventDate "2023.07.11"]
[EventType "swiss (blitz)"]
[EventRounds "11"]
[EventCountry "USA"]
[SourceTitle "EXT 2024"]
[Source "ChessBase"]
[SourceDate "2023.10.10"]
[SourceVersion "1"]
[SourceVersionDate "2023.10.10"]
[SourceQuality "1"]

1. e4 e6 2. d4 c5 3. d5 exd5 4. exd5 d6 5. c4 Nf6 6. Nc3 g6 7. Bd3 Bg7 8. Nf3 0-0 9. 0-0 Na6 10. h3 Nc7 11. Bf4 b5 12. cxb5 Nfxd5 13. Nxd5 Nxd5 14. Be4 Nxf4 15. Bxa8 Bxh3 16. gxh3 Qxa8 17. Kh2 Qc8 18. Ng1 Be5 19. Qg4 f5 20. Qf3 g5 21. Qc6 Qe6 22. Rae1 g4 23. Kh1 gxh3 24. Re3 Rf6 25. Nxh3 Rh6 26. Rg1+ Ng6 27. f4 Kg7 28. fxe5 f4 29. Qxd6 Rxh3+ 30. Kg2 Qxd6 31. exd6 Rxe3 32. Rd1 Re8 33. d7 Rd8 34. Kf3 Ne5+ 35. Kxf4 Rxd7 36. Rg1+ Ng6+ 37. Ke4 Rd2 38. Rb1 Rd4+ 39. Ke3 Rb4 40. b3 Rxb5 41. Kd3 Rb4 42. a3 c4+ 43. Kc3 Rxb3+ 44. Rxb3 cxb3 45. Kxb3 h5 0-1

[Event "Titled Tuesday intern op 11th Jul Late"]
[Site "Chess.com INT"]
[Date "2023.07.11"]
[Round "7"]
[White "Bazyrtsyrenov, Kirill"]
[Black "Keleberda, Timur"]
[Result "1-0"]
[WhiteElo "2251"]
[BlackElo "2302"]
[PlyCount "113"]
[EventDate "2023.07.11"]
[EventType "swiss (blitz)"]
[EventRounds "11"]
[EventCountry "USA"]
[SourceTitle "EXT 2024"]
[Source "ChessBase"]
[SourceDate "2023.10.10"]
[SourceVersion "1"]
[SourceVersionDate "2023.10.10"]
[SourceQuality "1"]

1. e4 c5 2. Nf3 d6 3. d4 cxd4 4. Nxd4 Nf6 5. Nc3 a6 6. h4 e5 7. Nb3 Be7 8. Bg5 Nbd7 9. Qd2 h6 10. Bxf6 Nxf6 11. 0-0-0 Be6 12. Kb1 Qc7 13. f4 b5 14. f5 Bd7 15. Bd3 Bc6 16. Nd5 Bxd5 17. exd5 Bd8 18. Rhg1 h5 19. Qe2 Qb6 20. Nd2 Ng4 21. Ne4 Bxh4 22. Rh1 Bd8 23. Rh3 Kd7 24. Rdh1 g6 25. Rf1 Rc8 26. Qf3 Be7 27. f6 Bd8 28. Ng5 Rf8 29. Nh7 Rh8 30. Ng5 Rf8 31. Bf5+ Kc7 32. Qc3+ Qc5 33. Qxc5+ dxc5 34. d6+ Kb7 35. Bxc8+ Kxc8 36. Nh7 Re8 37. Ng5 Bxf6 38. Nxf7 e4 39. Nh6 e3 40. Nxg4 e2 41. Re1 hxg4 42. Rhh1 Bh4 43. Rxh4 Kd7 44. Kc1 Kxd6 45. Kd2 c4 46. Rxg4 Kc5 47. Rxe2 Rd8+ 48. Kc1 Rd6 49. Rg5+ Kb4 50. c3+ Ka4 51. Rge5 Rf6 52. Re6 Rf1+ 53. Kc2 a5 54. Ra6 g5 55. b3+ cxb3+ 56. axb3+ Ka3 57. Rxa5# 1-0

[Event "Titled Tuesday intern op 11th Jul Late"]
[Site "Chess.com INT"]
[Date "2023.07.11"]
[Round "9"]
[White "Bazyrtsyrenov, Kirill"]
[Black "Zavgorodniy, Sergiy"]
[Result "1-0"]
[WhiteElo "2251"]
[BlackElo "2416"]
[PlyCount "63"]
[EventDate "2023.07.11"]
[EventType "swiss (blitz)"]
[EventRounds "11"]
[EventCountry "USA"]
[SourceTitle "EXT 2024"]
[Source "ChessBase"]
[SourceDate "2023.10.10"]
[SourceVersion "1"]
[SourceVersionDate "2023.10.10"]
[SourceQuality "1"]

1. e4 c6 2. d4 d5 3. e5 Bf5 4. h4 h5 5. c4 e6 6. Nc3 dxc4 7. Bxc4 Nd7 8. Nge2 Nb6 9. Bb3 Ne7 10. Ng3 Bg6 11. Bg5 Qd7 12. 0-0 Nf5 13. Nxf5 Bxf5 14. Bc2 Bxc2 15. Qxc2 Be7 16. Ne4 0-0 17. Bf6 Nd5 18. Ng5 g6 19. Bxe7 Qxe7 20. Rad1 Kg7 21. Qe4 Rad8 22. Rd3 Rd7 23. Rf3 Qb4 24. g4 hxg4 25. Qxg4 Rh8 26. Kg2 Rh5 27. b3 c5 28. Rc1 Qb6 29. Rxc5 Re7 30. Ne4 Re8 31. Nf6 Nxf6 32. exf6+ 1-0

[Event "Titled Tuesday intern op 11th Jul Late"]
[Site "Chess.com INT"]
[Date "2023.07.11"]
[Round "11"]
[White "Kramnik, Vladimir"]
[Black "Bazyrtsyrenov, Kirill"]
[Result "1-0"]
[WhiteElo "2753"]
[BlackElo "2251"]
[PlyCount "251"]
[EventDate "2023.07.11"]
[EventType "swiss (blitz)"]
[EventRounds "11"]
[EventCountry "USA"]
[SourceTitle "EXT 2024"]
[Source "ChessBase"]
[SourceDate "2023.10.10"]
[SourceVersion "1"]
[SourceVersionDate "2023.10.10"]
[SourceQuality "1"]

1. c4 Nf6 2. Nc3 e5 3. Nf3 e4 4. Ng5 c6 5. Ngxe4 Nxe4 6. Nxe4 d5 7. cxd5 cxd5 8. Ng3 h5 9. e3 h4 10. Ne2 Qf6 11. d4 Nc6 12. Nc3 Be6 13. Bd2 Bd6 14. Bd3 Qg5 15. 0-0 h3 16. g3 Bg4 17. Be2 Bxe2 18. Qxe2 0-0 19. Qf3 Ne7 20. Rad1 Bb4 21. e4 Qg6 22. Nxd5 Nxd5 23. exd5 Bxd2 24. Rxd2 Rad8 25. Re2 Rd7 26. Rfe1 Qf6 27. Qxf6 gxf6 28. Re4 Rc8 29. Rg4+ Kf8 30. Rh4 Rc2 31. Rxh3 Rxd5 32. Rh8+ Kg7 33. Ree8 f5 34. Reg8+ Kf6 35. Rh6+ Ke7 36. Rh4 Rxb2 37. Rf4 Rxa2 38. h4 b5 39. Rb8 Ra6 40. Rb7+ Kf6 41. g4 Kg7 42. g5 Kg6 43. Rb8 Rad6 44. Rg8+ Kh7 45. Ra8 Kg6 46. Kg2 Rxd4 47. Rxd4 Rxd4 48. Kg3 Ra4 49. Rg8+ Kh7 50. Rb8 Kg6 51. Rxb5 Rg4+ 52. Kh3 Kh5 53. f3 Rxh4+ 54. Kg3 Ra4 55. Rxf5 Kg6 56. Rf6+ Kg7 57. f4 Ra1 58. Kg4 a5 59. Kf5 a4 60. Ra6 a3 61. Ra7 Rg1 62. Rxa3 Rg2 63. Ra7 Rg1 64. Rc7 Rg2 65. Rb7 Rg1 66. Rd7 Rg2 67. Rd5 Rg1 68. Rd6 Rg2 69. Ra6 Rg1 70. Ke5 Rg2 71. Ra4 Re2+ 72. Re4 Rg2 73. Kd6 Rd2+ 74. Ke7 Rf2 75. Rd4 Re2+ 76. Kd6 Rf2 77. Re4 Rd2+ 78. Ke5 Rg2 79. Kf5 Rg1 80. Ra4 Rg2 81. Ra6 Rg1 82. Rf6 Rg2 83. Ke4 Rg1 84. Kf3 Rf1+ 85. Kg2 Ra1 86. Kg3 Rg1+ 87. Kh4 Rh1+ 88. Kg4 Rg1+ 89. Kf3 Rf1+ 90. Ke2 Rg1 91. Rd6 Rg2+ 92. Kf3 Rg1 93. Ke4 Re1+ 94. Kf5 Rg1 95. Rd2 Rg3 96. Rh2 Rg1 97. Rh3 Rg2 98. Ra3 Rg1 99. Ra6 Rg2 100. Rb6 Rg1 101. Rb5 Rg2 102. Ke5 Rg1 103. Kd6 Rd1+ 104. Rd5 Rf1 105. f5 Rg1 106. f6+ Kg6 107. Ke7 Ra1 108. Rd8 Ra7+ 109. Kf8 Kxg5 110. Kg7 Kf5 111. Rd6 Ke5 112. Rb6 Rc7 113. Rb5+ Ke6 114. Rb6+ Ke5 115. Rb1 Ke6 116. Re1+ Kd6 117. Kf8 Ra7 118. Re7 Ra8+ 119. Kxf7 Ra1 120. Re6+ Kd7 121. Re2 Rh1 122. Kg7 Rg1+ 123. Kf8 Rf1 124. f7 Kd6 125. Ke8 Ra1 126. f8Q+ 1-0

[Event "Titled Tuesday intern op 11th Jul Late"]
[Site "Chess.com INT"]
[Date "2023.07.11"]
[Round "2"]
[White "Mendoza, Rodrigo"]
[Black "Bazyrtsyrenov, Kirill"]
[Result "0-1"]
[WhiteElo "2165"]
[BlackElo "2251"]
[PlyCount "82"]
[EventDate "2023.07.11"]
[EventType "swiss (blitz)"]
[EventRounds "11"]
[EventCountry "USA"]
[SourceTitle "EXT 2024"]
[Source "ChessBase"]
[SourceDate "2023.10.10"]
[SourceVersion "1"]
[SourceVersionDate "2023.10.10"]
[SourceQuality "1"]

1. e4 Nf6 2. e5 Nd5 3. c4 Nb6 4. d4 d6 5. Nf3 Bg4 6. exd6 exd6 7. h3 Bh5 8. Be2 Be7 9. 0-0 0-0 10. Be3 Nc6 11. Nbd2 Bf6 12. Rc1 Re8 13. d5 Ne7 14. Qc2 Bg6 15. Bd3 Bxd3 16. Qxd3 Bxb2 17. Ng5 Ng6 18. Rb1 Bf6 19. Nge4 Rb8 20. a4 Nxa4 21. Bxa7 Ra8 22. Be3 b6 23. Nxf6+ Qxf6 24. Ne4 Qd8 25. Bd4 Nc5 26. Nxc5 bxc5 27. Bb2 Qg5 28. Kh1 Nf4 29. Qg3 Qxg3 30. fxg3 Ne2 31. Rf3 Rab8 32. Rf2 Nxg3+ 33. Kh2 Ne4 34. Rc2 Rb4 35. Rbc1 Reb8 36. Ba3 Ra4 37. Ra1 Rba8 38. Rca2 h5 39. Kg1 Nc3 40. Re2 Nxe2+ 41. Kf2 Rxa3 0-1